000 00223 a2200097 4500
020 _a9781558854444
041 _aeng
100 _aJesus Salvador Treviǫ
245 _aThe Skiscraper that flew and other stories
942 _cBK
999 _c13785
_d13785